Music Quiz

Random Music or Song Quiz
Score 0/22 Timer 06:00
0 Plays Today
Artist Song Title % Correct
TYPE 'BEGIN' (song lyric hint for #2 will appear)BEGIN
100%
Taylor Swift (We...)we are NEVER ever getting back together
42.6%
Justin Beibernever SAY never
29.6%
The Temptationsmy GIRL
29.6%
Destiny's Childsay MY name
27.8%
Cyndi Laupergirls JUST want to have fun
25.9%
Bruno Marsjust the WAY you are
24.1%
Brian McKnightback at ONE
24.1%
Backstreet Boysi WANT it that way
22.2%
Maroon 5one more NIGHT
22.2%
AC/DCYOU shook me all night long
22.2%
Artist Song Title % Correct
Lionel Richieall night LONG
20.4%
Cher Lloydwant u BACK
18.5%
Whitney Houstoni will ALWAYS love you
18.5%
Plain White T'shey THERE delilah
18.5%
Mariah Careyalways be my BABY
16.7%
The Beatlesall you need is LOVE
13%
One Directionwhat makes you beautiful
13%
No DoubtHEY baby
11.1%
Sixpence None the Richerthere she GOES
11.1%
OK GoHERE it goes again
9.3%
3 Doors Downhere without YOU
7.4%
Remove Ads.
Support Sporcle.
Get the best of Sporcle when you Go Orange. This ad-free experience offers more features, more stats, and more fun while also helping to support Sporcle. Thank you for becoming a member.

You're not logged in!

Compare scores with friends on all Sporcle quizzes.
OR
Log In

Show Comments

Extras

Top Quizzes Today


Score Distribution

Your Account Isn't Verified!

In order to create a playlist on Sporcle, you need to verify the email address you used during registration. Go to your Sporcle Settings to finish the process.

Report this User

Report this user for behavior that violates our Community Guidelines.

Details: